Регионална библиотека "Любен Каравелов" - Русе

Странникът (Запис номер 73649)

MARC детайли
000 -Лидер
Контролно поле с фиксирана дължина 01282nam a2200325 c 4500
003 - Код на организацията, давaща контролен номер
Контролно поле BLK
005 - Дата и час на последна редакция
Контролно поле 20180422103357.0
008 - Елементи от данни с фиксирана дължина
fixed length control field 180408b bul|||||r ||||||| ||bul||
010 ## - Наследен системен номер
LC control number KNG00078044000
020 ## - Международен стандартен номер на книга ISBN
Международен стандартен номер на книга ISBN 978-954-585-813-0
-- издат.: Бард
040 ## - Източник на каталожния запис
Идентификатор на билиотеката - собственик на записа BLK
041 ## - Код за език
Код за езика на текст/звукозапис или на отделно заглавие Български
Код за езика КДБФ Български
080 ## - УДК
Текстов определител УДК Американска литература (на САЩ)
УДК код - определител по УДК 821.111(73)
УДК определител -312.4
УДК - код + определител 821.111(73)-312.4
100 1# - Редна дума - Автор
Автор Хокс, Джон Туелв
Авторска отговорност първи автор
R(LIN) 137303
139 ## - Редно поле
Редна дума Хокс, Джон Туелв
Авторски знак Хок - Х 59
245 10 - Сведения за заглавието
Заглавие Странникът
Подзаглавни данни Роман
Редно поле (дума) Джон Туелв Хокс; прев. от англ. Анна Христова.
257 ## - Страна на издаване
Страна на създаване/издаване Съединени американски щати
260 ## - Област на издателските данни
-- София
Име на издателя, разпространителя и проч. Бард
Година на издаване 2007
300 ## - Физическа характеристика
Страници 462 с.
Размери/Мащаб 20 см
380 ## - Жанр
Жанр Худож. лит.
490 1# - СЕРИИ (Колекции)
Име на серия Кралете на трилъра
490 1# - СЕРИИ (Колекции)
-- Подсерия
Име на серия Четвъртият свят
№: серия Кн. 1
500 ## - Общи забележки
Забележка Ориг. загл. The Traveler / JohnTwelwe Hawks. - Пълното име на прев. е Анна Христова Николова
700 1# - Други автори (авторска отговорност)
Лично име Христова, Анна
Автороска отговорност (Описва отношението между автора и произведението) прев. от англ.
9 (RLIN) 363784
852 ## - Местоположение
Форматна сигнатура Цб 235889
856 4# - Електронен адрес и достъп
Електронен формат pdf - файл
Път до файла /url/
856 4# - Електронен адрес и достъп
Електронен формат pdf - файл
Път до файла /url/
942 ## - АРТИКУЛИ
Вид на библиотечния материал Книги
Скрит в OPAC Не
944 ## - СЪЗДАВАНЕ И РЕДАКЦИЯ на ЗАПИСА
Създаване/Редакция Създаване
Дата на регистрацията/редакция 02.10.2007
Служител, извършил регистрацията/редакцията Валя_Йорданова
944 ## - СЪЗДАВАНЕ И РЕДАКЦИЯ на ЗАПИСА
Създаване/Редакция Редакция
Дата на регистрацията/редакция 07.09.2009
Служител, извършил регистрацията/редакцията
999 ## - СИСТЕМНИ КОНТРОЛНИ НОМЕРА
Koha biblionumber 73649
Koha biblioitemnumber 73649
Наличности
Код за отписване Код за изгубен артикул Източник на класификационната схема Код за повреда Коз за рестрикции Код за отдаване Артикулен № Име на библиотеката - собственик Име на библиотеката, в която се намира в момента Статус (Текущо местоположение) Дата на вписване в системата Местоположение - отдел Цена в лева Инвентарен номер Систематично азбучна сигнатура Баркод Номер на екземпляра Цена в евро Служебна бележка Служебен тип на артикула
Изтеглен Не е изгубен Universal Decimal Classification Не е повреден без рестрикции заемане за дома 119735 Регионална библиотека "Любен Каравелов" Русе Регионална библиотека "Любен Каравелов" Русе Заемна - подръчен фонд 2007-09-27 Заемна - подръчен фонд 10.99 120000717372 П 820(73)-31/Х 59 120000717372 1 5.62 Дост: Pk Вид: Ф N: 144 Дата: 27.09.2007 Книги
  Не е изгубен   Не е повреден без рестрикции ползва се в читалня 119736 Регионална библиотека "Любен Каравелов" Русе Регионална библиотека "Любен Каравелов" Русе Хранилище 2009-09-08 Хранилище 10.99 120000737833 Цб 235889 120000737833 2 5.62 Дост: Dp Вид: Д N: 12 Дата: 11.03.2009 Книги
Vip Innovations Ltd, Rousse, Bulgaria 2025